<?xml version="1.0" encoding="UTF-8"?><?xml-stylesheet type="text/xsl" href="static/style.xsl"?><OAI-PMH xmlns="http://www.openarchives.org/OAI/2.0/" xmlns:xsi="http://www.w3.org/2001/XMLSchema-instance" xsi:schemaLocation="http://www.openarchives.org/OAI/2.0/ http://www.openarchives.org/OAI/2.0/OAI-PMH.xsd"><responseDate>2026-06-05T14:23:03Z</responseDate><request verb="GetRecord" identifier="oai:riuma.uma.es:10630/20929" metadataPrefix="marc">https://riuma.uma.es/rest/oai/request</request><GetRecord><record><header><identifier>oai:riuma.uma.es:10630/20929</identifier><datestamp>2026-02-03T12:37:53Z</datestamp><setSpec>com_10630_2254</setSpec><setSpec>col_10630_37957</setSpec></header><metadata><record xmlns="http://www.loc.gov/MARC21/slim" xmlns:dcterms="http://purl.org/dc/terms/" xmlns:doc="http://www.lyncode.com/xoai" xmlns:xsi="http://www.w3.org/2001/XMLSchema-instance" xsi:schemaLocation="http://www.loc.gov/MARC21/slim http://www.loc.gov/standards/marcxml/schema/MARC21slim.xsd">
   <leader>00925njm 22002777a 4500</leader>
   <datafield ind2=" " ind1=" " tag="042">
      <subfield code="a">dc</subfield>
   </datafield>
   <datafield ind2=" " ind1=" " tag="720">
      <subfield code="a">Van Zummeren Moreno, Guillermo</subfield>
      <subfield code="e">author</subfield>
   </datafield>
   <datafield ind2=" " ind1=" " tag="260">
      <subfield code="c">2021-02-03</subfield>
   </datafield>
   <datafield ind2=" " ind1=" " tag="520">
      <subfield code="a">La música supone un elemento cultural inherente a todas las civilizaciones, cada una con sus estilos y particularidades. En el contexto de la posguerra española la música se erige como la representación de una España al margen de la situación de escasez y precariedad social y económica.&#xd;
Pese a que el franquismo tratara de lograr una desmovilización en términos propagandísticos necesitaba erigir un ideario nuevo, opuesto al de la II Republica, sustentado bajo las premisas de Una, Grande y Libre.&#xd;
El propósito de esta investigación es el de explorar el contexto musical de la primera etapa del franquismo y descubrir como se construy􏰇 la identidad nacional franquista a través de la música y evaluar si la música se emplea con fines propagandísticos. De este modo, se han propuesto dos objetivos generales, (1) descubrir como se construy􏰇 la nueva identidad nacional franquista a través de la música en el primer franquismo (1939-1951) y (2) evaluar si la música se emplea con fines propagandísticos en el primer franquismo.&#xd;
Para ello se ha realizado análisis de contenido a 867 documentales de No-Do, 108 números de la Revista Musical Ritmo y 668 ejemplares del diario ABC, en sus ediciones de Madrid y Sevilla, que permiten determinar el peso especifico de cada uno de los géneros más cultivados en el franquismo, es decir, la música clásica o culta, la copla, la música folclórica y el flamenco.&#xd;
También se tratan otros temas de especial interés como los interpretes más importantes o representados, elementos recurrentes, cambios en las tendencias, organizaciones e ideologías que instigan un mayor numero de actividades, etc. de este modo se establecen conexiones entre la programación musical española en esta etapa de la dictadura franquista con hechos políticos y económicos.</subfield>
   </datafield>
   <datafield ind1="8" ind2=" " tag="024">
      <subfield code="a">https://hdl.handle.net/10630/20929</subfield>
   </datafield>
   <datafield tag="653" ind2=" " ind1=" ">
      <subfield code="a">Música - Historia y crítica - Tesis doctorales</subfield>
   </datafield>
   <datafield tag="653" ind2=" " ind1=" ">
      <subfield code="a">Musicología - Tesis doctorales</subfield>
   </datafield>
   <datafield tag="653" ind2=" " ind1=" ">
      <subfield code="a">Propaganda - Análisis - Tesis doctorales</subfield>
   </datafield>
   <datafield ind2="0" ind1="0" tag="245">
      <subfield code="a">La música como herramienta propagandística en el primer franquismo (1939 – 1951)</subfield>
   </datafield>
</record>
</metadata></record></GetRecord></OAI-PMH>